000 00827nam a2200265Ia 4500
003 OSt
005 20220930093104.0
006 a|||||r|||| 00| 0
007 ta
008 220926b |||||||| |||| 00| 0 eng d
024 _a28708
037 _cTheses
040 _aCRL
_cCRL
_beng
041 _2eng
_aeng
100 _aKumari Pratibha Au.
_9550642
110 _aUniversity of Delhi. Faculty of Science. Department of Botany
245 0 _aStudies on endophytic fungal association in bryophytes of some selected sites of Uttarakhand
260 _c2015
300 _a149p.
_ap.
_ccm.
650 _aBOTANY
700 _a Uniyal P. L. Gu.
_9550643
700 _aUniversity of Delhi. Faculty of Science. Department of Botany
942 _cDIS
_2CC
999 _c884763
_d884763